[Event "1er Open d'Espalion"]
[Site "Espalion (12)"]
[Date "2016.07.10"]
[Round "2.6"]
[White "Carno, Matthias"]
[Black "Degraeve, Remy"]
[Result "0-1"]
[WhiteElo "1792"]
[BlackElo "2015"]
[PlyCount "58"]
[EventDate "2016.??.??"]

1. e4 e5 2. Nf3 Nc6 3. Bc4 Bc5 4. c3 Nf6 5. d4 exd4 6. cxd4 Bb4+ 7. Bd2 Nxe4 8.
Bxb4 Nxb4 9. Bxf7+ Kxf7 10. Qb3+ Kf8 11. Qxb4+ Qe7 12. Qxe7+ Kxe7 13. Nc3 Nxc3
14. bxc3 Re8 15. Kd2 d6 16. Rhe1+ Kf8 17. Rxe8+ Kxe8 18. Re1+ Kf8 19. Ng5 Bf5
20. Ne6+ Bxe6 21. Rxe6 a5 22. a4 Re8 23. Rxe8+ Kxe8 24. d5 Ke7 25. Kd3 Kf6 26.
Ke4 (26. c4) (26. g3 Ke5 27. c4 g5 28. h3) 26... b5 27. c4 bxa4 28. Kd4 a3 29.
Kc3 a4 0-1

[Event "1er Open d'Espalion"]
[Site "Espalion (12)"]
[Date "2016.07.10"]
[Round "2.7"]
[White "Jarreton, Herve"]
[Black "Flaujac, Benoit"]
[Result "1-0"]
[WhiteElo "2010"]
[BlackElo "1809"]
[PlyCount "47"]
[EventDate "2016.??.??"]

1. e4 e5 2. Nf3 Nc6 3. d4 exd4 4. Nxd4 Bc5 5. Be3 Qf6 6. Nb5 Bxe3 7. fxe3 Qh4+
8. g3 Qd8 9. Qg4 g6 10. Qf4 d6 11. Bc4 Ne5 12. O-O Qe7 13. N1c3 g5 14. Qf2 Be6
15. Bxe6 fxe6 16. Nxc7+ Kd7 17. Nxa8 Nh6 18. Rad1 Rxa8 19. Nb5 Nhf7 20. Qd2 a6
21. Qa5 Rc8 22. Nxd6 Nf3+ 23. Rxf3 Nxd6 24. e5 1-0

[Event "1er Open d'Espalion"]
[Site "Espalion (12)"]
[Date "2016.07.10"]
[Round "2.8"]
[White "Tagnon, Nicole"]
[Black "Griggio, Jean-Paul"]
[Result "1-0"]
[WhiteElo "1935"]
[BlackElo "1736"]
[PlyCount "161"]
[EventDate "2016.??.??"]

1. e4 e5 2. f4 d5 3. exd5 e4 4. d3 Nf6 5. Nc3 Bc5 6. Nxe4 Qe7 7. Qe2 O-O 8.
Nxf6+ Qxf6 9. Qe5 Qd8 10. Ne2 Re8 11. Qh5 g6 12. Qf3 c6 13. Bd2 cxd5 14. O-O-O
d4 15. g4 Bd7 16. Bg2 Qh4 17. h3 Bc6 18. Qf1 Nd7 19. g5 Qh5 20. Ng3 Qh4 21.
Bxc6 bxc6 22. Ne4 Bf8 23. Qf3 Re6 24. Be1 Qh5 25. Qxh5 gxh5 26. f5 Re5 27. Rf1
Rae8 28. Bg3 Ra5 29. Kb1 Kh8 30. Rf2 Nb6 31. c4 dxc3 32. Nxc3 Nd5 33. Nxd5 Rxd5
34. Rf3 Re2 35. Re1 Rxe1+ 36. Bxe1 Kg8 37. Bc3 Bc5 38. Kc2 Kf8 39. a3 Ke8 40.
Rf4 Kd7 41. h4 Bb6 42. Kd2 Bc7 43. Rd4 Rxd4 44. Bxd4 Bg3 45. Bxa7 Bxh4 46. Be3
Bg3 47. Ke2 Kd6 48. Kf3 Be1 49. Kf4 Kd5 50. b3 Bc3 51. a4 Bb4 52. Kg3 Ke5 53.
Kh4 Kxf5 54. Kxh5 f6 55. gxf6 Kxf6 56. Kh6 Kf5 57. Kxh7 Kg4 58. Bb6 Kf3 59. d4
Ke4 60. Bc5 Ba5 61. b4 Bxb4 62. Bxb4 Kxd4 63. a5 c5 64. a6 cxb4 65. a7 b3 66.
a8=Q Kc3 67. Qf3+ Kb2 68. Qd3 Ka2 69. Qc4 Ka3 70. Kg6 b2 71. Qc3+ Ka2 72. Qc2
Ka1 73. Qa4+ Kb1 74. Kf5 Kc1 75. Qc4+ Kd1 76. Qb3+ Kc1 77. Qc3+ Kb1 78. Ke4 Ka2
79. Qc2 Ka1 80. Qa4+ Kb1 81. Kd3 1-0

[Event "1er Open d'Espalion"]
[Site "Espalion (12)"]
[Date "2016.07.10"]
[Round "2.10"]
[White "Degraeve, Thomas"]
[Black "Verat-Fayolle, Celian"]
[Result "1-0"]
[WhiteElo "1905"]
[BlackElo "1680"]
[PlyCount "57"]
[EventDate "2016.??.??"]

1. d4 d5 2. c4 e6 3. Nc3 c5 4. cxd5 exd5 5. Nf3 Nc6 6. g3 Nf6 7. Bg2 Be7 8. O-O
O-O 9. Bg5 cxd4 10. Nxd4 h6 11. Be3 Re8 12. Rc1 Bf8 13. h3 Ne5 14. Qb3 Nc4 15.
Nxd5 Nxe3 16. fxe3 Nxd5 17. Bxd5 Qg5 18. Bxf7+ Kh8 19. Rf3 Rd8 20. Be6 Bd6 21.
Rcf1 Bc5 22. Bxc8 Bxd4 23. Rf8+ Kh7 24. Qd3+ g6 25. exd4 Rxf8 26. Rxf8 Qc1+ 27.
Kh2 Rxc8 28. Rf7+ Kh8 29. Qxg6 1-0

[Event "1er Open d'Espalion"]
[Site "Espalion (12)"]
[Date "2016.07.10"]
[Round "2.11"]
[White "Gaubert, Cedric"]
[Black "Kohler, Paul"]
[Result "0-1"]
[WhiteElo "1518"]
[BlackElo "1864"]
[PlyCount "94"]
[EventDate "2016.??.??"]

1. d4 b5 2. Nf3 Bb7 3. Bf4 Nf6 4. e3 a6 5. h3 g6 6. c4 b4 7. Be2 Bg7 8. O-O c5
9. Nbd2 cxd4 10. Nxd4 O-O 11. Bf3 Bxf3 12. Qxf3 Nc6 13. Nxc6 dxc6 14. Nb3 c5
15. Qc6 Nh5 16. Qxc5 Nxf4 17. exf4 Bxb2 18. Rae1 Bc3 19. Qxe7 $2 Bxe1 20. Rxe1
Qxe7 21. Rxe7 Rfe8 22. Rb7 a5 23. c5 a4 24. Nd4 b3 25. axb3 a3 26. c6 a2 27.
Nc2 a1=Q+ 28. Nxa1 Rxa1+ 29. Kh2 Rc8 30. b4 Rxc6 31. g4 Rb1 32. h4 Rc4 33. h5
gxh5 34. f5 Rbxb4 35. Rd7 hxg4 36. f6 Rb8 37. Rd5 Rf4 38. Rg5+ Kh8 39. Kg3 Rxf6
40. Kh4 Rb4 41. Re5 Rh6+ 42. Kg3 Rh3+ 43. Kg2 Rf3 44. Rh5 Rbf4 45. Rg5 f5 46.
Kh1 Rxf2 47. Rxg4 fxg4 0-1

[Event "1er Open d'Espalion"]
[Site "Espalion (12)"]
[Date "2016.07.10"]
[Round "2.12"]
[White "Haverlan, Jules"]
[Black "Lagunes, Jean-Renaud"]
[Result "0-1"]
[WhiteElo "1457"]
[BlackElo "2009"]
[PlyCount "76"]
[EventDate "2016.??.??"]

1. d4 d6 2. c4 Nf6 3. Nc3 g6 4. e4 Bg7 5. Be2 O-O 6. Be3 Nc6 7. h4 h5 8. Nh3 a6
9. f3 Re8 10. Qd2 e5 11. dxe5 dxe5 12. Rd1 Qe7 13. Bg5 Be6 14. Nd5 Bxd5 15.
cxd5 Nd4 16. Nf2 Rad8 17. Qc1 c6 18. dxc6 Rc8 19. Qd2 Rxc6 20. Rc1 Rd6 21. Qe3
Red8 22. O-O Ne6 23. Rfd1 Rd4 24. Bc4 Nxg5 25. Qxg5 Kh7 26. Qg3 Bh6 27. Rxd4
Rxd4 28. Rc2 Be3 29. Kf1 Bf4 30. Qh3 Qd8 31. Bb3 Rd7 32. g4 b5 33. gxh5 Nxh5
34. Bxf7 Rxf7 35. Rc8 Ng3+ 36. Kg2 Qd7 37. Ng4 Qd2+ 38. Nf2 Qe1 0-1

[Event "1er Open d'Espalion"]
[Site "Espalion (12)"]
[Date "2016.07.10"]
[Round "2.13"]
[White "Brochet, Thierry"]
[Black "Rollot, Jean-Louis"]
[Result "0-1"]
[WhiteElo "1582"]
[BlackElo "1914"]
[PlyCount "108"]
[EventDate "2016.??.??"]

1. e4 d6 2. d4 Nf6 3. Bd3 g6 4. Nf3 Bg7 5. Nc3 O-O 6. Be3 Nc6 7. d5 Nb4 8. Be2
a5 9. a3 Na6 10. Bd4 c5 11. Be3 Bd7 12. O-O Qc7 13. Nd2 Rfb8 14. Nb5 Qd8 15. c3
Nc7 16. a4 Nxb5 17. axb5 b6 18. f3 Rb7 19. c4 Rba7 20. Ra4 e6 21. Re1 exd5 22.
exd5 Qe7 23. Bd3 Re8 24. Bf2 Qf8 25. Qc2 Rxe1+ 26. Bxe1 Bc8 27. Ra1 Re7 28. Bf2
Qe8 29. Rf1 Nh5 30. Qb1 Nf4 31. Bc2 f5 32. Re1 Rxe1+ 33. Qxe1 Qxe1+ 34. Bxe1
Bxb2 35. g3 Ne2+ 36. Kf1 Nd4 37. Bb1 Kf7 38. Bf2 Kf6 39. Bxd4+ Bxd4 40. f4 h6
41. Nf3 Bc3 42. Ke2 Bd7 43. Bc2 g5 44. Ba4 Be8 45. Ne1 Bh5+ 46. Kf1 Bxe1 47.
Kxe1 gxf4 48. gxf4 Bf3 49. Kf2 Be4 50. h4 Kg6 51. Kg3 Bd3 52. Bb3 a4 53. Ba2
Bc2 54. Kh3 Bb3 0-1

[Event "1er Open d'Espalion"]
[Site "Espalion (12)"]
[Date "2016.07.10"]
[Round "2.14"]
[White "Dubois, Martine"]
[Black "Bois, Samuel"]
[Result "1-0"]
[WhiteElo "1967"]
[BlackElo "1438"]
[PlyCount "67"]
[EventDate "2016.??.??"]

1. e4 d6 2. d4 Nf6 3. Nc3 g6 4. Nf3 Bg7 5. Be3 O-O 6. h3 e5 7. Qd2 Nc6 8. d5
Ne7 9. O-O-O c6 10. dxc6 Nxc6 11. Qxd6 Qa5 12. Qc5 Bh6 13. Qxa5 Bxe3+ 14. fxe3
Nxa5 15. Bd3 Nc6 16. Rhf1 Nh5 17. g4 Ng7 18. Bb5 Be6 19. Nd5 Kh8 20. Bxc6 bxc6
21. Nc7 Rac8 22. Nxe6 Nxe6 23. Nxe5 Kg7 24. Rd7 Rc7 25. Rxc7 Nxc7 26. Nxc6 Re8
27. e5 Ne6 28. Rd1 a6 29. h4 Ra8 30. Rd5 Kf8 31. b3 Rc8 32. Nd4 Rc3 33. Kd2 Nc7
34. Ra5 1-0

[Event "1er Open d'Espalion"]
[Site "Espalion (12)"]
[Date "2016.07.10"]
[Round "2.15"]
[White "Ausseil, Pascal"]
[Black "Mestrallet, Ivan"]
[Result "0-1"]
[WhiteElo "1399"]
[BlackElo "1910"]
[PlyCount "66"]
[EventDate "2016.??.??"]

1. e4 c5 2. Nf3 e6 3. d4 cxd4 4. Bc4 Nc6 5. O-O Bc5 6. Bf4 Nge7 7. c3 dxc3 8.
bxc3 O-O 9. Ne5 d5 10. Be2 dxe4 11. Be3 Bxe3 12. fxe3 Nxe5 13. Qd4 Qxd4 14.
cxd4 N5c6 15. Nc3 Nd5 16. Nxe4 Nxe3 17. Rf3 Nc2 18. Raf1 N6xd4 19. R3f2 b6 20.
Bd3 Nb4 21. Nf6+ gxf6 22. Bxh7+ Kxh7 23. Rf4 Ne2+ 24. Kf2 Nxf4 25. Kg3 e5 26.
h4 Rg8+ 27. Kf3 Bb7+ 28. Ke3 Rg3+ 29. Rf3 Nxg2+ 30. Kf2 Rxf3+ 31. Kxg2 Rg8+ 32.
Kh2 Rf2+ 33. Kh3 Bc8# 0-1

[Event "1er Open d'Espalion"]
[Site "Espalion (12)"]
[Date "2016.07.10"]
[Round "2.16"]
[White "Malart, Jacques"]
[Black "Jonker, Jan"]
[Result "1-0"]
[WhiteElo "1687"]
[BlackElo "1380"]
[PlyCount "103"]
[EventDate "2016.??.??"]

1. e4 e6 2. d4 d5 3. exd5 exd5 4. Nc3 Bb4 5. Bd2 Nf6 6. Nf3 O-O 7. a3 Qe7+ 8.
Qe2 Qxe2+ 9. Bxe2 Be7 10. h3 Bf5 11. O-O-O Nbd7 12. g4 Be4 13. Rhe1 c5 14. Nxe4
dxe4 15. Ne5 cxd4 16. Nxd7 Nxd7 17. Bb5 Nc5 18. Bb4 Bg5+ 19. Kb1 Rfc8 20. Rxd4
a6 21. Bf1 Bh4 22. Re2 Bf6 23. Bxc5 Rxc5 24. Rdxe4 Kf8 25. R2e3 b5 26. f4 h6
27. Bd3 Bh4 28. Be2 a5 29. Re5 Rxe5 30. Rxe5 Bg3 31. Bxb5 Bxf4 32. Rf5 g5 33.
Ka2 Ke7 34. Kb3 f6 35. Rd5 Bd6 36. c4 Ke6 37. Bd7+ Ke7 38. Bb5 Ke6 39. Rd3 Ke5
40. Rf3 Rf8 41. Rf5+ Ke4 42. Bc6+ Ke3 43. Rxa5 Kf4 44. Rd5 Be5 45. Kc2 Rc8 46.
Bb5 f5 47. gxf5 Kxf5 48. Bd7+ Kf4 49. Bxc8 h5 50. a4 g4 51. hxg4 hxg4 52. Bxg4
1-0

[Event "1er Open d'Espalion"]
[Site "Espalion (12)"]
[Date "2016.07.10"]
[Round "2.18"]
[White "Criticos, Kris"]
[Black "Meyer, Bernard"]
[Result "1-0"]
[WhiteElo "1641"]
[BlackElo "1354"]
[PlyCount "75"]
[EventDate "2016.??.??"]

1. f4 d5 2. Nf3 Nf6 3. b3 Nc6 4. Bb2 Bg4 5. e3 e6 6. Bb5 a6 7. Bxc6+ bxc6 8.
O-O Be7 9. Qe1 O-O 10. Ne5 Qd6 11. Nxg4 Nxg4 12. Qg3 Nf6 13. d3 c5 14. Nd2 d4
15. Nc4 Qd8 16. e4 Nh5 17. Qh3 g6 18. g4 Ng7 19. Rae1 f5 20. Re2 fxg4 21. Qxg4
Qe8 22. Rg2 Rf6 23. Bc1 Qf8 24. Ne5 Bd6 25. Nd7 Qe7 26. Nxf6+ Qxf6 27. e5 Bxe5
28. fxe5 Qxe5 29. Bf4 Qd5 30. Qf3 Qd8 31. Bxc7 Qe8 32. Qf6 Ra7 33. Rgf2 h5 34.
Qf8+ Qxf8 35. Rxf8+ Kh7 36. Be5 g5 37. R1f7 Rxf7 38. Rxf7 1-0

[Event "1er Open d'Espalion"]
[Site "Espalion (12)"]
[Date "2016.07.10"]
[Round "2.19"]
[White "Bonot, Bernard"]
[Black "Ferraye, Nicolas"]
[Result "0-1"]
[WhiteElo "1374"]
[BlackElo "1629"]
[PlyCount "108"]
[EventDate "2016.??.??"]

1. b3 d5 2. Bb2 c5 3. e3 Nc6 4. Bb5 a6 5. Bxc6+ bxc6 6. Ne2 Bf5 7. O-O Nf6 8.
Ng3 Bg6 9. d3 e6 10. Nd2 Bd6 11. f4 O-O 12. Nf3 Nh5 13. Qe1 Be7 14. Nxh5 Bxh5
15. Qg3 Bf6 16. Bxf6 Qxf6 17. Ne5 Rfc8 18. Nd7 Qd8 19. Ne5 f6 20. Ng4 Bxg4 21.
Qxg4 f5 22. Qe2 Qf6 23. Qd2 a5 24. a4 d4 25. Rfe1 Re8 26. g3 e5 27. e4 exf4 28.
Qxf4 fxe4 29. Qxf6 gxf6 30. dxe4 Ra7 31. Kf2 Rae7 32. Kf3 f5 33. e5 Rxe5 34.
Rxe5 Rxe5 35. Rc1 Kf7 36. h4 Kf6 37. Rd1 Re3+ 38. Kf2 Rc3 39. Rd2 Ke5 40. Re2+
Kd5 41. Rd2 c4 42. bxc4+ Kxc4 43. Kg2 c5 44. Rf2 Kb4 45. Rxf5 Rxc2+ 46. Kh3 d3
47. Rf4+ c4 48. Rd4 d2 49. g4 Rc3+ 50. Kg2 Rd3 51. Rf4 d1=Q 52. g5 Qe2+ 53. Rf2
Qg4+ 54. Kh2 Rh3# 0-1

[Event "1er Open d'Espalion"]
[Site "Espalion (12)"]
[Date "2016.07.10"]
[Round "2.20"]
[White "Caudrelier, Pierre"]
[Black "Fabre, Jean-Michel"]
[Result "0-1"]
[WhiteElo "1618"]
[BlackElo "1328"]
[PlyCount "66"]
[EventDate "2016.??.??"]

1. e4 e5 2. Nf3 Nc6 3. Bc4 Bc5 4. c3 Nf6 5. d4 exd4 6. cxd4 Bb4+ 7. Nc3 Bxc3+
8. bxc3 O-O 9. e5 Ne4 10. Qc2 d5 11. Bd3 Bf5 12. O-O Bg6 13. Rb1 Rb8 14. h3 f5
15. exf6 Qxf6 16. Qb3 Bf7 17. Re1 a6 18. Qc2 Bg6 19. Rb2 Kh8 20. Be3 Rfe8 21.
Qb3 Bf7 22. Ne5 Nxe5 23. dxe5 Qxe5 24. Bd4 Qf4 25. Rbe2 Nd6 26. Be5 Qg5 27.
Bxd6 Rxe2 28. Rxe2 cxd6 29. Bxa6 Qd8 30. Bxb7 Qc7 31. Rb2 Qe7 32. a4 d4 33. Qb4
d3 0-1

[Event "1er Open d'Espalion"]
[Site "Espalion (12)"]
[Date "2016.07.10"]
[Round "2.21"]
[White "Rollot, Nathalie"]
[Black "Moulie, Patrick"]
[Result "0-1"]
[WhiteElo "1344"]
[BlackElo "1611"]
[PlyCount "102"]
[EventDate "2016.??.??"]

1. e4 e6 2. Nf3 c5 3. Nc3 a6 4. d4 cxd4 5. Nxd4 b5 6. a3 Bb7 7. Be2 Qc7 8. Be3
Nf6 9. Bf3 e5 10. Nde2 Be7 11. Ng3 g6 12. h4 h5 13. O-O d6 14. Bg5 Nbd7 15. Qd2
O-O 16. Nxh5 gxh5 17. Bxh5 Rfe8 18. Qe2 Nxh5 19. Qxh5 Nf6 20. Qf3 Nh7 21. Bh6
Kh8 22. Qxf7 Rg8 23. Rad1 Qd8 24. Rd3 Qe8 25. Qf3 Qg6 26. Bg5 Bxg5 27. hxg5
Nxg5 28. Qg3 Rg7 29. Rfd1 Rf8 30. Rxd6 Qh5 31. Qe3 Nf3+ 32. Kf1 Qh1+ 33. Ke2
Qxg2 34. Qh6+ Kg8 35. Rh1 Nd4+ 36. Rxd4 Qxf2+ 37. Kd1 Qxd4+ 38. Kc1 Rg1+ 39.
Rxg1+ Qxg1+ 40. Kd2 Rd8+ 41. Ke2 Qg4+ 42. Ke3 Qf4+ 43. Qxf4 exf4+ 44. Kxf4 Rd2
45. e5 Rxc2 46. Kf5 Kf8 47. Ne4 Bxe4+ 48. Kxe4 Rxb2 49. Kd5 Rb3 50. Kd6 Rxa3
51. e6 Ke8 0-1

[Event "1er Open d'Espalion"]
[Site "Espalion (12)"]
[Date "2016.07.10"]
[Round "2.22"]
[White "Dubertrand, Bernard"]
[Black "Rollot, Priscillia"]
[Result "1-0"]
[WhiteElo "1583"]
[BlackElo "1210"]
[PlyCount "75"]
[EventDate "2016.??.??"]

1. e4 d5 2. b3 dxe4 3. Nc3 Nf6 4. Qe2 Bf5 5. Qb5+ Bd7 6. Qxb7 Nc6 7. Nb5 Qb8 8.
Nxc7+ Kd8 9. Qxa8 Qxa8 10. Nxa8 Nd4 11. Kd1 Bg4+ 12. Ne2 Bxe2+ 13. Bxe2 Nxe2
14. Kxe2 e5 15. d3 exd3+ 16. Kxd3 e4+ 17. Kc4 Kc8 18. Bf4 Ng4 19. f3 exf3 20.
gxf3 Nf6 21. Nc7 Be7 22. Rhe1 Bd8 23. Nd5 Nxd5 24. Kxd5 h6 25. Kc6 g5 26. Bg3
h5 27. Re4 h4 28. Bf2 f5 29. Rc4 Bc7 30. Rd1 Bxh2 31. Bxa7 Rh7 32. Kb6+ Bc7+
33. Ka6 h3 34. Bb6 h2 35. Bxc7 h1=Q 36. Be5+ Rc7 37. Rxc7+ Kb8 38. Rd8# 1-0

[Event "1er Open d'Espalion"]
[Site "Espalion (12)"]
[Date "2016.07.10"]
[Round "2.23"]
[White "Ferraye, Elio"]
[Black "Dutertre, Jean-Michel"]
[Result "0-1"]
[WhiteElo "1250"]
[BlackElo "1583"]
[PlyCount "54"]
[EventDate "2016.??.??"]

1. e4 b6 2. Nf3 Bb7 3. Nc3 e6 4. Bc4 Bb4 5. d4 Bxe4 6. Qe2 d5 7. Bd3 Bxf3 8.
Qxf3 Qf6 9. Qg3 Bd6 10. Bb5+ Nd7 11. Bxd7+ Kxd7 12. Qd3 a6 13. a4 Ne7 14. a5 b5
15. O-O Nf5 16. Ne2 Qh4 17. g3 Qg4 18. Bf4 h5 19. f3 Qg6 20. Bxd6 cxd6 21. Nf4
Qf6 22. c3 g5 23. Ng2 Rag8 24. g4 Ne7 25. Rac1 Qh6 26. h4 gxh4 27. Nxh4 hxg4
0-1

[Event "1er Open d'Espalion"]
[Site "Espalion (12)"]
[Date "2016.07.10"]
[Round "2.24"]
[White "Marie, Olivier"]
[Black "Antos, Claude"]
[Result "1-0"]
[WhiteElo "1560"]
[BlackElo "1050"]
[PlyCount "31"]
[EventDate "2016.??.??"]

1. e4 e5 2. f4 Nc6 3. Nf3 d5 4. exd5 Qxd5 5. Nc3 Qc5 6. fxe5 f6 7. d4 Qe7 8.
Bb5 Bd7 9. O-O Qf7 10. e6 Bxe6 11. d5 Bf5 12. dxc6 Qg6 13. cxb7+ Kf7 14. bxa8=Q
Bh3 15. Qdd5+ Be6 16. Qe8# 1-0

[Event "1er Open d'Espalion"]
[Site "Espalion (12)"]
[Date "2016.07.10"]
[Round "2.25"]
[White "Muller-Moingt, Bastien"]
[Black "Lemaire, Frederic"]
[Result "0-1"]
[WhiteElo "1009"]
[BlackElo "1468"]
[PlyCount "62"]
[EventDate "2016.??.??"]

1. e4 e5 2. Nf3 Nc6 3. d3 Nf6 4. c3 Be7 5. Nbd2 O-O 6. Be2 d5 7. exd5 Nxd5 8.
O-O Nf4 9. Qc2 Nxe2+ 10. Kh1 Bg4 11. Re1 Nxc1 12. Raxc1 Bxf3 13. Nxf3 Bd6 14.
Re2 Qf6 15. Re3 Rae8 16. Rce1 Re7 17. d4 Rfe8 18. dxe5 Nxe5 19. Nxe5 Bxe5 20.
R1e2 h6 21. Qb3 b6 22. Rf3 Qd6 23. h3 Rd8 24. Re1 Rdd7 25. g4 Kh8 26. Rfe3 Qc6+
27. Kg1 f6 28. f4 Bxf4 29. R3e2 (29. Rxe7 Rxe7 30. Rxe7 Qc5+ 31. Kg2 Qxe7)
29... Rd3 30. Rxe7 Rg3+ 31. Kh2 Qg2# 0-1

[Event "1er Open d'Espalion"]
[Site "Espalion (12)"]
[Date "2016.07.11"]
[Round "3.1"]
[White "Jarreton, Herve"]
[Black "Degraeve, Jean-Marc"]
[Result "0-1"]
[WhiteElo "2010"]
[BlackElo "2579"]
[PlyCount "124"]
[EventDate "2016.??.??"]

1. e4 Nf6 2. e5 Nd5 3. Nc3 Nb6 4. d4 d6 5. Be3 Bf5 6. g4 Bg6 7. f4 e6 8. Qf3
Qc8 9. O-O-O d5 10. Bh3 h5 11. Nge2 Bb4 12. g5 Bxc3 13. Nxc3 Qd7 14. f5 exf5
15. Rhf1 Nc6 16. Bxf5 Bxf5 17. Qxf5 Qxf5 18. Rxf5 Nd8 19. g6 fxg6 20. Rg5 O-O
21. Rxg6 Kh7 22. Rdg1 Rf1+ 23. Rxf1 Kxg6 24. Rf8 c6 25. Ne2 Ne6 26. Rf3 Nd7 27.
Kd2 Rf8 28. Nf4+ Nxf4 29. Bxf4 Kf5 30. Be3+ Kg6 31. Bf4 Re8 32. Ra3 Kf5 33. Bg3
Ra8 34. Rf3+ Ke6 35. Bh4 Rg8 36. Rh3 g6 37. Ke3 c5 38. c3 c4 39. Kf4 Rg7 40.
Kg5 Nf8 41. Rf3 Rf7 42. Rf6+ Rxf6 43. exf6 Kf7 44. Kf4 Nd7 45. h3 b5 46. b3
cxb3 47. axb3 a5 48. c4 dxc4 49. bxc4 a4 50. c5 a3 51. Be1 a2 52. Bc3 Kxf6 53.
h4 Nf8 54. Ke3 Kf5 55. Kd3 Kg4 56. Kc2 Kxh4 57. Kb2 g5 58. Kxa2 g4 59. Kb3 g3
60. c6 Ne6 61. Kb4 Kg4 62. Be1 h4 0-1

[Event "1er Open d'Espalion"]
[Site "Espalion (12)"]
[Date "2016.07.11"]
[Round "3.2"]
[White "Sulava, Nenad"]
[Black "Tagnon, Nicole"]
[Result "1-0"]
[WhiteElo "2418"]
[BlackElo "1935"]
[PlyCount "67"]
[EventDate "2016.??.??"]

1. Nf3 c5 2. c4 e6 3. Nc3 a6 4. e3 Nf6 5. d4 cxd4 6. exd4 d5 7. a3 Be7 8. Bg5
dxc4 9. Bxc4 O-O 10. O-O b5 11. Ba2 Bb7 12. Qe2 Nbd7 13. Rad1 Nb6 14. Bb1 Nbd5
15. Rfe1 Qc7 16. Ne5 Nxc3 17. bxc3 Nd5 18. Bd2 Bf6 19. Ng4 g6 20. a4 Bg7 21.
axb5 Nf4 (21... Nxc3) 22. Bxf4 Qxf4 23. Ne3 Rfc8 24. Rc1 Qg5 25. bxa6 Bxa6 26.
Qf3 Ra7 27. Red1 Rac7 28. d5 exd5 29. Nxd5 Bb7 30. Ba2 Bxd5 31. Bxd5 Qe7 32. c4
Qc5 33. g3 Rd8 34. Bxf7+ 1-0

[Event "1er Open d'Espalion"]
[Site "Espalion (12)"]
[Date "2016.07.11"]
[Round "3.3"]
[White "Kohler, Paul"]
[Black "Saucey, Michel"]
[Result "0-1"]
[WhiteElo "1864"]
[BlackElo "2268"]
[PlyCount "70"]
[EventDate "2016.??.??"]

1. Nf3 g6 2. c4 c5 3. g3 Bg7 4. Bg2 Nc6 5. Nc3 d6 6. O-O Bd7 7. h3 Nf6 8. Kh2
O-O 9. d3 Rb8 10. Bg5 h6 11. Bxf6 Bxf6 12. Qd2 Bg7 13. Rac1 a6 14. e3 b5 15.
cxb5 axb5 16. d4 b4 17. Ne2 cxd4 18. Nfxd4 Nxd4 19. Nxd4 Qb6 20. Rc4 d5 21.
Bxd5 Qd6 22. Bc6 Bxh3 23. Kxh3 e5 24. Rfc1 exd4 25. exd4 Rfd8 26. d5 Qe5 27.
Rxb4 Rxb4 28. Qxb4 Rb8 29. Qd2 Rxb2 30. Qf4 Qxf4 31. gxf4 Rxa2 32. Rd1 Ra6 33.
Re1 Ra3+ 34. Kg4 f5+ 35. Kh4 Bf6# 0-1

[Event "1er Open d'Espalion"]
[Site "Espalion (12)"]
[Date "2016.07.11"]
[Round "3.4"]
[White "Degraeve, Remy"]
[Black "Marazanof, Jean-Francois"]
[Result "1-0"]
[WhiteElo "2015"]
[BlackElo "1910"]
[PlyCount "75"]
[EventDate "2016.??.??"]

1. d4 Nf6 2. c4 c5 3. d5 e5 4. Nc3 d6 5. e4 Be7 6. h3 O-O 7. Nf3 Ne8 8. Bd3 g6
9. Bh6 Ng7 10. g4 Na6 11. a3 Bd7 12. Qd2 Nc7 13. O-O-O a6 14. Rdg1 f6 15. h4 b5
16. h5 g5 17. Ne2 bxc4 18. Bxc4 Nb5 19. Ne1 Nd4 20. Nxd4 cxd4 21. Kb1 Kh8 22.
Nd3 Rg8 23. f4 gxf4 24. g5 fxg5 25. Nxe5 dxe5 26. d6 Bf6 27. Bxg8 Kxg8 28. Qd3
Be6 (28... Ne6) 29. Bxg5 Bxg5 30. h6 Qf6 31. hxg7 Kxg7 32. Qc2 h6 33. Qc7+ Qf7
34. d7 Kf6 35. d8=Q+ Rxd8 36. Qxd8+ Qe7 37. Qh8+ Qg7 38. Rxh6+ 1-0

[Event "1er Open d'Espalion"]
[Site "Espalion (12)"]
[Date "2016.07.11"]
[Round "3.5"]
[White "Moingt, Jean-Claude"]
[Black "Degraeve, Thomas"]
[Result "1-0"]
[WhiteElo "2177"]
[BlackElo "1905"]
[PlyCount "49"]
[EventDate "2016.??.??"]

1. e4 e6 2. d3 d5 3. Qe2 Nf6 4. Nf3 Be7 5. g3 O-O 6. Bg2 c5 7. e5 Nfd7 8. O-O
Nc6 9. c4 d4 10. h4 Qc7 11. Bf4 a6 12. Nbd2 b5 13. Rfe1 Bb7 14. b3 Rab8 15. Nf1
bxc4 16. bxc4 Ba8 17. N1h2 Rb6 18. Ng5 Bxg5 19. hxg5 Ne7 20. Qh5 Rfb8 21. Bxa8
Rxa8 22. Ng4 Nf8 23. Nf6+ Kh8 24. Qxf7 gxf6 25. exf6 1-0

[Event "1er Open d'Espalion"]
[Site "Espalion (12)"]
[Date "2016.07.11"]
[Round "3.6"]
[White "Lagunes, Jean-Renaud"]
[Black "Moingt, Anne"]
[Result "0-1"]
[WhiteElo "2009"]
[BlackElo "2073"]
[PlyCount "48"]
[EventDate "2016.??.??"]

1. e4 c5 2. Nf3 e6 3. b3 d6 4. Bb2 Nf6 5. Qe2 Be7 6. g3 O-O 7. Bg2 Nc6 8. O-O
h6 9. Re1 e5 10. h3 Be6 11. Na3 Nd7 12. c3 f5 13. d3 Qe8 14. Nb5 Rc8 15. d4
cxd4 16. cxd4 fxe4 17. Qxe4 d5 18. Qe2 e4 19. Ne5 Nb4 20. Rac1 Nxe5 21. Rxc8
Bxc8 22. dxe5 Nd3 23. Bxe4 dxe4 24. Nd6 Bxd6 0-1

[Event "1er Open d'Espalion"]
[Site "Espalion (12)"]
[Date "2016.07.11"]
[Round "3.7"]
[White "Kedinger, Christian"]
[Black "Lagunes, Robin"]
[Result "0-1"]
[WhiteElo "1820"]
[BlackElo "1814"]
[PlyCount "48"]
[EventDate "2016.??.??"]

1. e4 d6 2. d4 Nf6 3. Nc3 g6 4. Be3 c6 5. h3 Qa5 6. Qd2 Nbd7 7. g4 b5 8. Bg2 e5
9. Nge2 Bb7 10. O-O b4 11. Nd1 exd4 12. Qxd4 c5 13. Qd2 Nxe4 14. Bxe4 Bxe4 15.
Ng3 Bb7 16. Bf4 O-O-O 17. Re1 Ne5 18. Bxe5 dxe5 19. Qe2 f5 20. Ne3 h5 21. gxf5
h4 22. Nc4 Qa6 23. Qxe5 Qxc4 24. Ne4 gxf5 0-1

[Event "1er Open d'Espalion"]
[Site "Espalion (12)"]
[Date "2016.07.11"]
[Round "3.8"]
[White "Herrero, Alain"]
[Black "Dubois, Martine"]
[Result "0-1"]
[WhiteElo "1676"]
[BlackElo "1967"]
[PlyCount "46"]
[EventDate "2016.??.??"]

1. d4 d5 2. c4 dxc4 3. Nf3 Nf6 4. e3 e6 5. Bxc4 a6 6. O-O Nbd7 7. a3 b5 8. Be2
Bb7 9. Nc3 Bd6 10. b4 O-O 11. Qc2 e5 12. e4 exd4 13. Nxd4 Re8 14. f3 c5 15. Nf5
cxb4 16. Be3 Be5 17. axb4 Qc7 18. Rac1 Rac8 19. Bd4 Bxh2+ 20. Kh1 Bf4 21. Rb1
g6 22. Ne3 Bxe3 23. Bxe3 Qxc3 0-1

[Event "1er Open d'Espalion"]
[Site "Espalion (12)"]
[Date "2016.07.11"]
[Round "3.9"]
[White "Rollot, Jean-Louis"]
[Black "Criticos, Kris"]
[Result "1-0"]
[WhiteElo "1914"]
[BlackElo "1641"]
[PlyCount "69"]
[EventDate "2016.??.??"]

1. c4 Nf6 2. g3 g6 3. Bg2 Bg7 4. Nc3 O-O 5. Nf3 d6 6. O-O c6 7. d3 e5 8. Rb1
Bg4 9. h3 Be6 10. b4 Qc8 11. Ng5 Nbd7 12. Nxe6 fxe6 13. b5 d5 14. Ba3 Rd8 15.
cxd5 exd5 16. Qb3 Nb6 17. Rfc1 Qe6 18. e4 Qf7 19. bxc6 bxc6 20. Na4 Nxa4 21.
Qxa4 dxe4 22. dxe4 Rd4 23. Qxc6 Rad8 24. Bc5 Rd2 25. a4 Bf8 26. Be3 R2d7 27. a5
Ba3 28. Rc2 Ne8 29. Qa4 Qe7 30. a6 Bd6 31. Rcb2 Bc5 32. Qc4+ Kh8 33. Qxc5 Qf7
34. Qxe5+ Ng7 35. Rb7 1-0

[Event "1er Open d'Espalion"]
[Site "Espalion (12)"]
[Date "2016.07.11"]
[Round "3.10"]
[White "Mestrallet, Ivan"]
[Black "Ferraye, Nicolas"]
[Result "1-0"]
[WhiteElo "1910"]
[BlackElo "1629"]
[PlyCount "45"]
[EventDate "2016.??.??"]

1. d4 Nf6 2. c3 d5 3. Qc2 c6 4. Bf4 e6 5. Nf3 Bd6 6. Bg5 h6 7. Bh4 Nbd7 8. Nbd2
Qc7 9. e4 dxe4 10. Nxe4 Nxe4 11. Qxe4 O-O 12. Bd3 g6 13. Bg3 b6 14. Qe3 Kh7 15.
O-O-O c5 16. dxc5 Bxg3 17. hxg3 h5 18. Rxh5+ Kg7 19. Qh6+ Kf6 20. Qg5+ Kg7 21.
Rh6 Rh8 22. Rxh8 Kxh8 23. Qh6+ 1-0